[Event "NatWest Team Challenge"]
[Site "Catford, London ENG"]
[Date "1985.08.??"]
[EventDate "1985.08.11"]
[Round "?"]
[Result "1/2-1/2"]
[White "Stuart Conquest"]
[Black "Andrew D Martin"]
[WhiteElo "2345"]
[BlackElo "2410"]
[Source "John Saunders"]
[PlyCount "28"]

1. d4 Nf6 2. c4 c5 3. d5 e6 4. Nc3 exd5 5. cxd5 d6 6. e4 g6 7. f4 Bg7 8. Bb5+
Nfd7 9. a4 a6 10. Bd3 Qc7 11. Nf3 c4 12. Bc2 Nc5 13. O-O O-O 14. f5 1/2-1/2